000 00300nam a22001337a 4500
008 170302b xxu||||| |||| 00| 0 eng d
020 _a0721685439
041 _aeng
080 _a616.073
100 _a6
101 _aSHM
245 _aEXERCIES IN DIAGNOSTIC RADIOLOGY
_cSOUIRE.L.F
942 _2udc
_cBK
999 _c6558
_d6558